000
00256nam a2200097Ia 4500
001
1169513
005
20250827011859.0
008
250824s9999 xx 000 0 und d
245
0
_a
ÖLÜMDEN BETER - LA VİE
_c
ÇAĞATAY KÜPÇÜ
260
_b
DESTEK YAYINLARI
999
_c
1169513
_d
1169513